[Event "Madrid Vicalvaro op"]
[Site "Madrid"]
[Date "2022.05.08"]
[Round "1"]
[White "Escobar Cabanillas, Alejandro"]
[Black "Di Girolamo Jimenez, Ernesto"]
[Result "0-1"]
[WhiteElo "1430"]
[BlackElo "1880"]
[PlyCount "52"]
[EventDate "2022.05.08"]
[EventType "swiss"]
[EventRounds "7"]
[EventCountry "ESP"]
[SourceTitle "EXT 2024"]
[Source "ChessBase"]
[SourceDate "2023.10.10"]
[SourceVersion "1"]
[SourceVersionDate "2023.10.10"]
[SourceQuality "1"]

1. e4 e5 2. Nf3 Nc6 3. d4 d6 4. d5 Nb8 5. c4 h6 6. Nc3 Be7 7. Be3 Nf6 8. c5 0-0 9. cxd6 Bxd6 10. Be2 Ng4 11. 0-0 f5 12. h3 f4 13. Bd2 Nf6 14. Nh4 Nxe4 15. Nxe4 Qxh4 16. Bg4 Bxg4 17. hxg4 Nd7 18. Qf3 Nf6 19. Nxf6+ Rxf6 20. Qh3 Qg5 21. f3 Bc5+ 22. Kh1 h5 23. g3 hxg4 24. Qxg4 Qxg4 25. fxg4 f3 26. Bc3 Rh6# 0-1

[Event "Barquisimeto Cup Lara op"]
[Site "Barquisimeto"]
[Date "2019.02.17"]
[Round "5.2"]
[White "Di Girolamo Jimenez, Ernesto"]
[Black "Pena Gonzalez, Clara Isabel"]
[Result "1/2-1/2"]
[WhiteElo "1936"]
[BlackElo "1700"]
[PlyCount "78"]
[EventDate "2019.02.15"]
[EventType "swiss"]
[EventRounds "5"]
[EventCountry "VEN"]
[SourceTitle "EXT 2022"]
[Source "ChessBase"]
[SourceDate "2021.10.06"]
[SourceVersion "1"]
[SourceVersionDate "2021.10.06"]
[SourceQuality "1"]

1. Nf3 Nf6 2. d4 g6 3. c4 Bg7 4. Nc3 d5 5. cxd5 Nxd5 6. e4 Nxc3 7. bxc3 c5 8. h3 Nc6 9. Bb5 0-0 10. Bxc6 bxc6 11. 0-0 cxd4 12. cxd4 c5 13. Be3 Bb7 14. d5 Ba6 15. Re1 Qa5 16. Rc1 Rfc8 17. Qc2 Rab8 18. e5 c4 19. Red1 c3 20. Qe4 Be2 21. Rd4 Bxf3 22. gxf3 Rd8 23. f4 Qxa2 24. Rxc3 Qb1+ 25. Rc1 Qxe4 26. Rxe4 Rxd5 27. Bxa7 Rbd8 28. Rc7 e6 29. Rb4 Bh6 30. Rbb7 Bxf4 31. Rxf7 Bxe5 32. Rxh7 Bf6 33. Be3 Rh5 34. Rhf7 Rf8 35. Rxf8+ Kxf8 36. Kg2 Ke8 37. f4 Rd5 38. Kf3 Rd7 39. Rb1 Kf7 1/2-1/2

[Event "Barquisimeto Steinitz Memorial"]
[Site "Barquisimeto"]
[Date "2017.08.20"]
[Round "6"]
[White "Romero Marino, Samuel David"]
[Black "Di Girolamo Jimenez, Ernesto"]
[Result "0-1"]
[WhiteElo "1869"]
[BlackElo "1906"]
[PlyCount "71"]
[EventDate "2017.08.18"]
[EventType "swiss"]
[EventRounds "6"]
[EventCountry "VEN"]
[SourceTitle "CBM 180 Extra"]
[Source "ChessBase"]
[SourceDate "2017.10.06"]
[SourceVersion "1"]
[SourceVersionDate "2017.10.06"]
[SourceQuality "1"]

1. e4 e5 2. Nf3 Nc6 3. d4 exd4 4. Nxd4 Bc5 5. Be3 Qf6 6. c3 a6 7. Bc4 Ne5 8. Be2 d6 9. 0-0 Qh4 10. Nd2 Nf6 11. N4f3 Nxf3+ 12. Nxf3 Qh5 13. Nd2 Ng4 14. Bf4 Qg6 15. Nb3 Bb6 16. Nd4 0-0 17. Bd3 Ne5 18. Bc2 Bg4 19. f3 Bd7 20. Kh1 Qf6 21. Bg3 Nc4 22. Qc1 Bxd4 23. cxd4 Qxd4 24. Bb3 Nd2 25. Rd1 Nxb3 26. Rxd4 Nxc1 27. Rxc1 Bc6 28. h3 f5 29. exf5 Rxf5 30. Re1 Kf7 31. Rh4 h6 32. Ree4 Re8 33. Rc4 Re2 34. Rb4 Rb5 35. Rxb5 Bxb5 36. Kg1 0-1

[Event "Barquisimeto Steinitz Memorial"]
[Site "Barquisimeto"]
[Date "2017.08.19"]
[Round "3"]
[White "Di Girolamo Jimenez, Ernesto"]
[Black "Chavez Riofrio, Elias Enrique"]
[Result "1-0"]
[WhiteElo "1906"]
[BlackElo "2004"]
[PlyCount "101"]
[EventDate "2017.08.18"]
[EventType "swiss"]
[EventRounds "6"]
[EventCountry "VEN"]
[SourceTitle "CBM 180 Extra"]
[Source "ChessBase"]
[SourceDate "2017.10.06"]
[SourceVersion "1"]
[SourceVersionDate "2017.10.06"]
[SourceQuality "1"]

1. e4 e6 2. Nf3 d5 3. exd5 exd5 4. d4 Nf6 5. Bd3 Bg4 6. h3 Bh5 7. Bg5 Nbd7 8. Nbd2 c6 9. c3 Bd6 10. Qc2 Qe7+ 11. Kf1 0-0-0 12. b4 h6 13. Bh4 g5 14. Re1 Qf8 15. Bg3 Bxg3 16. fxg3 Bxf3 17. gxf3 Nh5 18. Kf2 Qd6 19. Nf1 Rde8 20. Qd2 Kd8 21. Rxe8+ Rxe8 22. h4 gxh4 23. Rxh4 Ndf6 24. Bf5 Rg8 25. Rh3 Rg5 26. Qd3 Ng7 27. Ne3 Nfh5 28. Bg4 Nf6 29. Bf5 Nxf5 30. Nxf5 Qe6 31. Nxh6 Qxh3 32. Nxf7+ Ke7 33. Nxg5 Qh2+ 34. Kf1 Qh1+ 35. Ke2 Qg2+ 36. Kd1 Qxg3 37. Qe3+ Kd8 38. Qe5 Qxe5 39. dxe5 Nh5 40. Kd2 b6 41. Ke3 Ke7 42. a4 c5 43. f4 a5 44. bxc5 bxc5 45. c4 d4+ 46. Kf3 Ng7 47. Ne4 Nf5 48. Nxc5 Ne3 49. Ke4 Nxc4 50. Kxd4 Nb6 51. f5 1-0

[Event "Barquisimeto Steinitz Memorial"]
[Site "Barquisimeto"]
[Date "2017.08.18"]
[Round "1"]
[White "Di Girolamo Jimenez, Ernesto"]
[Black "Singer Rojas, Richard Javier"]
[Result "1-0"]
[WhiteElo "1906"]
[BlackElo "1461"]
[PlyCount "66"]
[EventDate "2017.08.18"]
[EventType "swiss"]
[EventRounds "6"]
[EventCountry "VEN"]
[SourceTitle "CBM 180 Extra"]
[Source "ChessBase"]
[SourceDate "2017.10.06"]
[SourceVersion "1"]
[SourceVersionDate "2017.10.06"]
[SourceQuality "1"]

1. e4 c5 2. Nf3 d6 3. Bb5+ Bd7 4. Be2 Nf6 5. Nc3 a6 6. a4 e6 7. d4 cxd4 8. Nxd4 Be7 9. 0-0 0-0 10. Kh1 Nc6 11. Be3 b6 12. f4 Qc7 13. Bf3 Rac8 14. Nde2 Nb4 15. Ng3 d5 16. e5 Ne8 17. Bd4 Bc5 18. Rc1 b5 19. axb5 axb5 20. Be2 Qb6 21. Bxc5 Qxc5 22. f5 exf5 23. Nxf5 Bxf5 24. Rxf5 Nc7 25. Qf1 d4 26. Ne4 Qe7 27. Nd6 Rb8 28. Bxb5 Nxb5 29. Nxb5 g6 30. Rf4 Qxe5 31. Nxd4 Rbd8 32. Re1 Qc5 33. c3 Nd5 1-0

[Event "Caracas Torbin op"]
[Site "Caracas"]
[Date "2014.12.21"]
[Round "6"]
[White "Di Girolamo Jimenez, Ernesto"]
[Black "Delgado Macias, Mario"]
[Result "1-0"]
[WhiteElo "1902"]
[BlackElo "1832"]
[PlyCount "85"]
[EventDate "2014.12.18"]
[EventType "swiss"]
[EventRounds "7"]
[EventCountry "VEN"]
[SourceTitle "CBM 164 Extra"]
[Source "ChessBase"]
[SourceDate "2015.03.02"]
[SourceVersion "1"]
[SourceVersionDate "2015.03.02"]
[SourceQuality "1"]

1. Nf3 g6 2. g3 Bg7 3. d4 b6 4. Bg2 Bb7 5. c4 Nf6 6. Nc3 d5 7. cxd5 Nxd5 8. 0-0 0-0 9. Re1 Na6 10. e4 Nxc3 11. bxc3 c5 12. Ba3 Qc7 13. Qe2 Rfd8 14. Rad1 Rac8 15. e5 e6 16. Ng5 Bxg2 17. Kxg2 Qb7+ 18. Kg1 cxd4 19. cxd4 Nc7 20. Ne4 Qa6 21. Be7 Qxe2 22. Rxe2 Rd7 23. Bf6 Nd5 24. Bxg7 Kxg7 25. Rd3 Rc1+ 26. Kg2 Rdc7 27. Nd6 a5 28. Ne8+ Kf8 29. Nxc7 Rxc7 30. a3 Nc3 31. Rc2 Nd5 32. Rxc7 Nxc7 33. Rb3 Nd5 34. Kf3 Ke7 35. h4 f6 36. exf6+ Nxf6 37. Kf4 Kd6 38. Kg5 Ne4+ 39. Kh6 Nxf2 40. Kxh7 Kd5 41. Rxb6 Nh1 42. Kxg6 Nxg3 43. h5 1-0

[Event "Caracas Torbin op"]
[Site "Caracas"]
[Date "2014.12.21"]
[Round "7"]
[White "Saladen Dulce, Rafael"]
[Black "Di Girolamo Jimenez, Ernesto"]
[Result "1-0"]
[WhiteElo "2205"]
[BlackElo "1902"]
[PlyCount "89"]
[EventDate "2014.12.18"]
[EventType "swiss"]
[EventRounds "7"]
[EventCountry "VEN"]
[SourceTitle "CBM 164 Extra"]
[Source "ChessBase"]
[SourceDate "2015.03.02"]
[SourceVersion "1"]
[SourceVersionDate "2015.03.02"]
[SourceQuality "1"]

1. e4 Nf6 2. Nc3 g6 3. f4 Bg7 4. g4 0-0 5. d4 d6 6. Be2 c5 7. g5 Nfd7 8. d5 Nb6 9. h4 e6 10. dxe6 fxe6 11. a4 a5 12. h5 d5 13. hxg6 hxg6 14. Qd3 Bxc3+ 15. bxc3 Kg7 16. Rh6 Rh8 17. exd5 Rxh6 18. gxh6+ Kh7 19. Nf3 Qf6 20. Ng5+ Kh8 21. dxe6 Bxe6 22. Nxe6 Qxe6 23. f5 gxf5 24. Qd8+ Kh7 25. Qf8 Qe5 26. Qf7+ Kh8 27. Qf8+ Kh7 28. Qf7+ Kh8 29. Bf4 Qxc3+ 30. Kf2 N8d7 31. Rd1 Rg8 32. Rxd7 Nxd7 33. Qxd7 Qd4+ 34. Qxd4+ cxd4 35. Be5+ Kh7 36. Bg7 Rc8 37. Bd3 Kg6 38. Kf3 Rc3 39. Kf4 Rc5 40. Bxd4 Rd5 41. Bg7 Rc5 42. c3 Rd5 43. Bc4 Rc5 44. Bg8 b6 45. Bd4 1-0

[Event "San Cristobal Bolivar op 1st"]
[Site "San Cristobal"]
[Date "2012.09.27"]
[Round "5"]
[White "Lapicki, Raul"]
[Black "Di Girolamo Jimenez, Ernesto"]
[Result "1-0"]
[WhiteElo "2238"]
[BlackElo "1828"]
[PlyCount "89"]
[EventDate "2012.09.25"]
[EventType "swiss"]
[EventRounds "10"]
[EventCountry "VEN"]
[SourceTitle "EXT 2013"]
[Source "ChessBase"]
[SourceDate "2012.11.22"]
[SourceVersion "1"]
[SourceVersionDate "2012.11.22"]
[SourceQuality "1"]

1. e4 c5 2. Nf3 d6 3. d4 cxd4 4. Nxd4 Nf6 5. Nc3 g6 6. Be3 Bg7 7. Be2 0-0 8. Nb3 Nc6 9. Qd2 a6 10. a4 a5 11. 0-0 Be6 12. Nd4 Nxd4 13. Bxd4 Rc8 14. Rad1 Qc7 15. Rfe1 Nd7 16. Bxg7 Kxg7 17. Bb5 Ne5 18. Rc1 Nc6 19. Nd5 Qd8 20. h3 h5 21. Rcd1 Kg8 22. Qh6 Bxd5 23. Rxd5 e6 24. Rd2 Qe7 25. Re3 Ne5 26. b3 Rc5 27. f4 Nc6 28. Rg3 Qh4 29. Kh2 Qf6 30. Rxd6 h4 31. Rg4 Rxc2 32. e5 Qg7 33. Qxh4 Rc3 34. Bxc6 bxc6 35. Qe1 Rxb3 36. Qxa5 Rc8 37. Qa6 Qf8 38. Rxc6 Ra8 39. Qc4 Rb4 40. Qc2 Rbxa4 41. Rxe6 Kh8 42. Rexg6 fxg6 43. Qxg6 Qe7 44. Qh6+ Qh7 45. Qf6+ 1-0